[Event "Europa ch Femenino 2013"]
[Site "Belgrado SER"]
[Date "2013.07.29"]
[Round "7.54"]
[White "Dolzhikova, Olga"]
[Black "Berke, Ana"]
[Result "1/2-1/2"]
[WhiteElo "2244"]
[BlackElo "2145"]
[PlyCount "131"]
[EventDate "2013.07.23"]
[EventType "swiss"]
[EventRounds "11"]
[EventCountry "SER"]
[Source "lmi"]
[SourceDate "2013.07.22"]

1. e4 c5 2. c3 Nf6 3. e5 Nd5 4. d4 cxd4 5. Qxd4 e6 6. Nf3 Nc6 7. Qe4 d6 8. Bb5
Bd7 9. c4 Nb6 10. exd6 Bxd6 11. O-O a6 12. Rd1 Qc7 13. Nc3 O-O 14. Be3 Nc8 15.
c5 Be7 16. Ba4 f5 17. Qc4 Bf6 18. Bf4 Qd8 19. Bxc6 bxc6 20. Ne5 Bxe5 21. Bxe5
Rf7 22. Qd4 Ra7 23. Bd6 Ne7 24. Bxe7 Qxe7 25. Re1 Rb7 26. Na4 Rb5 27. b4 a5 28.
a3 Qf6 29. Re5 axb4 30. Nb6 bxa3 31. g3 Ra5 32. f4 g5 33. Nc4 Ra4 34. Rxa3 Rxa3
35. Nxa3 gxf4 36. Qxf4 Rg7 37. h3 Qg5 38. Qxg5 Rxg5 39. Kg2 Kf7 40. Nc4 Kf6 41.
Kf3 Bc8 42. Re3 Rg8 43. Kf4 Ba6 44. Ne5 Bb5 45. g4 Ra8 46. gxf5 Ra4+ 47. Kg3
Kxf5 48. Nf7 Bc4 49. Rf3+ Ke4 50. Ng5+ Kd5 51. Nxh7 Kxc5 52. Ng5 Kb4 53. h4 Ra3
54. h5 e5 55. Rxa3 Kxa3 56. h6 Bg8 57. Nf7 Bh7 58. Nxe5 c5 59. Kf4 Kb3 60. Ke3
c4 61. Kd2 c3+ 62. Kc1 c2 63. Nf3 Kc3 64. Ng5 Bd3 65. h7 Bxh7 66. Nxh7 1/2-1/2

[Event "Europa ch Femenino 2013"]
[Site "Belgrado SER"]
[Date "2013.07.29"]
[Round "7.55"]
[White "Visanescu, Daria-Ioana"]
[Black "Stjazhkina, Olga"]
[Result "0-1"]
[WhiteElo "2061"]
[BlackElo "2243"]
[PlyCount "78"]
[EventDate "2013.07.23"]
[EventType "swiss"]
[EventRounds "11"]
[EventCountry "SER"]
[Source "lmi"]
[SourceDate "2013.07.22"]

1. e4 e5 2. Bc4 Nf6 3. d3 Nc6 4. Nf3 Bc5 5. Bb3 d6 6. c3 O-O 7. Nbd2 Be6 8. Nf1
Bxb3 9. axb3 d5 10. Qe2 dxe4 11. dxe4 Ng4 12. Be3 Nxe3 13. Nxe3 Bxe3 14. Qxe3
Qd7 15. O-O Rad8 16. b4 a6 17. Qc5 f6 18. b5 Nb8 19. c4 b6 20. Qb4 a5 21. Qb3
Qd3 22. Qa2 Qxe4 23. Rad1 c5 24. bxc6 Qxc6 25. c5+ Kh8 26. cxb6 Qxb6 27. Nd2
Nc6 28. Nc4 Qb4 29. Rc1 Nd4 30. Kh1 a4 31. Ne3 Qb3 32. Qb1 Rb8 33. Nc4 Rfd8 34.
h3 g6 35. Rc3 Qb4 36. Rcc1 Nb3 37. Rc3 Rbc8 38. Qc2 Nd4 39. Qc1 Ne2 0-1

[Event "Europa ch Femenino 2013"]
[Site "Belgrado SER"]
[Date "2013.07.29"]
[Round "7.56"]
[White "Benderac, Ana"]
[Black "Bokuchava, Madona"]
[Result "1/2-1/2"]
[WhiteElo "2225"]
[BlackElo "2109"]
[PlyCount "107"]
[EventDate "2013.07.23"]
[EventType "swiss"]
[EventRounds "11"]
[EventCountry "SER"]
[Source "lmi"]
[SourceDate "2013.07.22"]

1. c4 c5 2. Nc3 d6 3. Nf3 g6 4. g3 Bg7 5. Bg2 e5 6. O-O Ne7 7. d3 O-O 8. Rb1
Nbc6 9. a3 a5 10. Ne1 Be6 11. Nd5 Rb8 12. Nxe7+ Nxe7 13. b4 axb4 14. axb4 b6
15. Nc2 Qd7 16. bxc5 bxc5 17. Bg5 f6 18. Bd2 f5 19. Na3 h6 20. Qc2 Nc6 21. Nb5
f4 22. Rb3 Bg4 23. Bd5+ Kh7 24. f3 Be6 25. Bxe6 Qxe6 26. g4 Rf7 27. Bc3 Re8 28.
Ra3 Bf8 29. Ra6 Nd4 30. Bxd4 exd4 31. Rf2 Rb7 32. Qd2 Qf6 33. Qa5 Qd8 34. Qxd8
Rxd8 35. Rf1 Re8 36. Kf2 Rbe7 37. Re1 Rd7 38. Rea1 Be7 39. Ra7 Red8 40. Kf1 Kg8
41. Nc7 Kf7 42. Nd5 g5 43. Nb6 Rxa7 44. Rxa7 Ke6 45. Nd5 Rd7 46. Rxd7 Kxd7 47.
Ke1 Bd8 48. Kd1 Kc8 49. Kc2 Kb7 50. Kb3 Ka7 51. Ka4 Ka6 52. h3 Ka7 53. Kb5 Kb7
54. Ka4 1/2-1/2

[Event "Europa ch Femenino 2013"]
[Site "Belgrado SER"]
[Date "2013.07.29"]
[Round "7.57"]
[White "Stetsko, Lanita"]
[Black "Kruljac, Petra"]
[Result "1-0"]
[WhiteElo "2209"]
[BlackElo "2092"]
[PlyCount "85"]
[EventDate "2013.07.23"]
[EventType "swiss"]
[EventRounds "11"]
[EventCountry "SER"]
[Source "lmi"]
[SourceDate "2013.07.22"]

1. e4 e6 2. d4 d5 3. e5 c5 4. c3 Nc6 5. Nf3 Bd7 6. a3 a5 7. Bd3 Qb6 8. O-O Nh6
9. Bc2 cxd4 10. cxd4 Nf5 11. Bxf5 exf5 12. Nc3 Be6 13. Be3 Be7 14. Na4 Qa7 15.
Qd3 O-O 16. Rfd1 Qa6 17. Bg5 Qxd3 18. Rxd3 Bxg5 19. Nxg5 b5 20. Nc5 Rfe8 21.
Rc1 Rac8 22. f4 b4 23. a4 h6 24. Nf3 Nb8 25. Nd2 Nd7 26. Ndb3 Nb6 27. Nxa5 Nxa4
28. Rb3 Nxc5 29. dxc5 d4 30. Rxb4 d3 31. Rd4 Red8 32. Rxd8+ Rxd8 33. Kf2 Ra8
34. b4 Rb8 35. Nc6 Rb5 36. Ke3 Bd7 37. Nd4 Rxb4 38. Kxd3 Kf8 39. Ra1 Rb8 40. c6
Be6 41. Nxe6+ fxe6 42. Kc4 g5 43. Kc5 1-0

[Event "Europa ch Femenino 2013"]
[Site "Belgrado SER"]
[Date "2013.07.29"]
[Round "7.58"]
[White "Srebrnic, Ana"]
[Black "Korchagina, Viktoria"]
[Result "1/2-1/2"]
[WhiteElo "2203"]
[BlackElo "2068"]
[PlyCount "110"]
[EventDate "2013.07.23"]
[EventType "swiss"]
[EventRounds "11"]
[EventCountry "SER"]
[Source "lmi"]
[SourceDate "2013.07.22"]

1. d4 Nf6 2. c4 g6 3. g3 Bg7 4. Bg2 O-O 5. e4 d6 6. Nc3 Nc6 7. Nge2 e5 8. d5
Nd4 9. O-O Nxe2+ 10. Qxe2 Nd7 11. g4 a5 12. Be3 b6 13. Rab1 f5 14. f3 Nc5 15.
b3 Rf7 16. a3 f4 17. Bf2 h5 18. b4 axb4 19. axb4 Na4 20. Nxa4 Rxa4 21. gxh5
gxh5 22. Kh1 Bf6 23. Ra1 Rxa1 24. Rxa1 Rg7 25. c5 Kh7 26. Qe1 bxc5 27. bxc5
dxc5 28. Bxc5 Bh4 29. Qf1 Qg5 30. Bh3 Qd8 31. Ra7 Bg4 32. Bg2 Bd7 33. Ra2 Qb8
34. Qc1 Qb3 35. Qc2 Qb5 36. Bg1 Qb8 37. Qb2 Qe8 38. Ra7 Bd8 39. Ra6 Qe7 40. Qc2
Qg5 41. Bc5 Be7 42. Ba7 Bd6 43. Ra1 Qd8 44. Qb2 Qe7 45. Rg1 h4 46. Bf1 Rxg1+
47. Bxg1 h3 48. Ba7 Qg7 49. Qf2 Qg5 50. Bc5 Qh5 51. Bxd6 cxd6 52. Be2 Qg5 53.
Bf1 Qh5 54. Be2 Qg5 55. Bf1 Qh5 1/2-1/2

[Event "Europa ch Femenino 2013"]
[Site "Belgrado SER"]
[Date "2013.07.29"]
[Round "7.60"]
[White "Folkova, Martina"]
[Black "Milutinovic, Stefana"]
[Result "1-0"]
[WhiteElo "2189"]
[BlackElo "2035"]
[PlyCount "81"]
[EventDate "2013.07.23"]
[EventType "swiss"]
[EventRounds "11"]
[EventCountry "SER"]
[Source "lmi"]
[SourceDate "2013.07.22"]

1. e4 c5 2. Nf3 d6 3. d4 cxd4 4. Nxd4 Nf6 5. Nc3 a6 6. Bg5 e6 7. f4 h6 8. Bh4
Qb6 9. Bxf6 gxf6 10. Qd2 Qxb2 11. Nb3 Nc6 12. Be2 h5 13. O-O Qa3 14. Kh1 Bd7
15. f5 Be7 16. Rab1 O-O-O 17. Rf3 h4 18. Nd5 exd5 19. exd5 h3 20. Rc3 hxg2+ 21.
Kg1 Qa4 22. Nd4 Qxa2 23. Rbb3 Kc7 24. dxc6 Bxc6 25. Nxc6 bxc6 26. Qd5 Qa1+ 27.
Bd1 Qa4 28. Rc4 Kd7 29. Qxf7 Qa1 30. Qe6+ Ke8 31. Re3 Qxd1+ 32. Re1 Qxe1+ 33.
Qxe1 Rg8 34. Rxc6 Kf8 35. Rc7 Re8 36. Qd2 Rb8 37. Qe1 Bd8 38. Rc6 Ba5 39. Qa1
Ke7 40. Rxa6 Bb6+ 41. Rxb6 1-0

[Event "Europa ch Femenino 2013"]
[Site "Belgrado SER"]
[Date "2013.07.29"]
[Round "7.61"]
[White "Drljevic, Ljilja"]
[Black "Zivic, Radmila"]
[Result "1/2-1/2"]
[WhiteElo "2187"]
[BlackElo "2029"]
[PlyCount "118"]
[EventDate "2013.07.23"]
[EventType "swiss"]
[EventRounds "11"]
[EventCountry "SER"]
[Source "lmi"]
[SourceDate "2013.07.22"]

1. g3 c5 2. Bg2 g6 3. e4 Bg7 4. d3 Nc6 5. Nf3 d6 6. O-O Bg4 7. h3 Bxf3 8. Bxf3
Rb8 9. a4 a6 10. Qe1 Nf6 11. Bd1 O-O 12. f4 e6 13. g4 b5 14. Nd2 Nd7 15. axb5
axb5 16. Nf3 Ra8 17. Rxa8 Qxa8 18. c3 Qa1 19. Qd2 b4 20. cxb4 Nxb4 21. Bb3 Qa7
22. Kg2 Na2 23. Bxa2 Qxa2 24. Qc2 Rb8 25. Rf2 Qb3 26. Qc4 Qxc4 27. dxc4 Rb4 28.
Rc2 Nb6 29. Nd2 Ra4 30. b3 Ra1 31. Nf3 Nd7 32. Bd2 Rb1 33. Ba5 Rxb3 34. Rd2 Rb2
35. Rxb2 Bxb2 36. Bc7 Nf6 37. e5 dxe5 38. fxe5 Ne4 39. Bd6 f6 40. Bc7 Kf7 41.
exf6 Kxf6 42. Bd8+ Kf7 43. Kf1 Ke8 44. Bb6 Kd7 45. Ke2 Kc6 46. Bd8 Nd6 47. Kd3
e5 48. Ng5 Kd7 49. Bb6 Nb7 50. Nf7 Ke8 51. Ng5 h6 52. Ne4 Bd4 53. Bc7 Kd7 54.
Bb8 Nd8 55. Bd6 Ne6 56. h4 Nf4+ 57. Kd2 h5 58. gxh5 gxh5 59. Bxc5 Bxc5 1/2-1/2

[Event "Europa ch Femenino 2013"]
[Site "Belgrado SER"]
[Date "2013.07.29"]
[Round "7.63"]
[White "Makka, Ioulia"]
[Black "Khropova, Larisa"]
[Result "1-0"]
[WhiteElo "2171"]
[BlackElo "1987"]
[PlyCount "119"]
[EventDate "2013.07.23"]
[EventType "swiss"]
[EventRounds "11"]
[EventCountry "SER"]
[Source "lmi"]
[SourceDate "2013.07.22"]

1. e4 e5 2. Nf3 Nf6 3. Nxe5 d6 4. Nf3 Nxe4 5. Nc3 Nf6 6. d4 Bg4 7. h3 Bh5 8.
Be2 Be7 9. Bf4 O-O 10. Nh2 Bxe2 11. Qxe2 Nc6 12. O-O-O Qd7 13. Ng4 Qf5 14.
Nxf6+ Bxf6 15. Be3 Rae8 16. Qd2 Qa5 17. Kb1 Nb4 18. g4 Nd5 19. Nxd5 Qxd5 20. g5
Bd8 21. h4 c6 22. h5 Re6 23. Rh3 Qf5 24. Rdh1 c5 25. Rg3 Qe4 26. Rd1 b6 27. d5
Ree8 28. Bf4 Bc7 29. a3 Qe2 30. Qxe2 Rxe2 31. Be3 f5 32. gxf6 Rxf6 33. Rdg1 Rf7
34. Kc1 Bd8 35. Kd1 Rxe3 36. fxe3 Bf6 37. b3 h6 38. Rf3 Kh7 39. Rf5 Re7 40. Rg3
Re4 41. Kd2 b5 42. Kd3 Re7 43. Rg6 a5 44. e4 c4+ 45. bxc4 bxc4+ 46. Ke3 Rb7 47.
Rfxf6 gxf6 48. Rxf6 Rb2 49. c3 Rh2 50. Rxd6 Rxh5 51. Rf6 Kg7 52. Rf3 Rh1 53.
Kd4 Re1 54. e5 h5 55. d6 Kg6 56. Kd5 h4 57. d7 Rd1+ 58. Kc6 Kg5 59. e6 Kg4 60.
Rf8 1-0

[Event "Europa ch Femenino 2013"]
[Site "Belgrado SER"]
[Date "2013.07.29"]
[Round "7.64"]
[White "Ibrahimova, Sabina"]
[Black "Injac, Teodora"]
[Result "1-0"]
[WhiteElo "2168"]
[BlackElo "1713"]
[PlyCount "71"]
[EventDate "2013.07.23"]
[EventType "swiss"]
[EventRounds "11"]
[EventCountry "SER"]
[Source "lmi"]
[SourceDate "2013.07.22"]

1. e4 e6 2. d4 d5 3. Nc3 Nf6 4. Bg5 Be7 5. e5 Nfd7 6. Bxe7 Qxe7 7. Nb5 Qd8 8.
c4 a6 9. Nc3 dxc4 10. Bxc4 b5 11. Bd3 Bb7 12. Nf3 Nb6 13. Ne4 Bxe4 14. Bxe4 Nd5
15. O-O c6 16. Rc1 Ra7 17. Rc5 Rc7 18. Qc1 h6 19. Bxd5 exd5 20. Ne1 Qc8 21. Nd3
Nd7 22. Rc3 a5 23. Nf4 Nb6 24. Rg3 g5 25. Nd3 Re7 26. f4 g4 27. f5 h5 28. h3
Rg8 29. Qh6 Nc4 30. b3 Nb6 31. Qxh5 Nd7 32. Rxg4 Rf8 33. f6 Re6 34. Nf4 Rxf6
35. exf6 Nxf6 36. Qe5+ 1-0

[Event "Europa ch Femenino 2013"]
[Site "Belgrado SER"]
[Date "2013.07.29"]
[Round "7.65"]
[White "Bejatovic, Bojana"]
[Black "Cherednichenko, Elena"]
[Result "0-1"]
[WhiteElo "2002"]
[BlackElo "2167"]
[PlyCount "76"]
[EventDate "2013.07.23"]
[EventType "swiss"]
[EventRounds "11"]
[EventCountry "SER"]
[Source "lmi"]
[SourceDate "2013.07.22"]

1. d4 d5 2. Nf3 Nf6 3. e3 c5 4. b3 Nc6 5. Bd3 Bg4 6. Bb2 e6 7. O-O Bd6 8. Nbd2
O-O 9. c4 cxd4 10. exd4 Qc7 11. h3 Bh5 12. Rc1 Bf4 13. g4 Bg6 14. Bxg6 hxg6 15.
Qe2 Ne4 16. Rcd1 f5 17. gxf5 gxf5 18. Nxe4 fxe4 19. Nh4 Bg5 20. Qg4 Bxh4 21.
Qxh4 Rf4 22. Qg5 Rf5 23. Qg4 Raf8 24. Bc1 Qf7 25. Be3 Nb4 26. Rd2 Rf3 27. Re2
Nd3 28. Kh1 Nf4 29. Bxf4 Rxf4 30. Qg5 Rf3 31. Qh4 Qf5 32. Kg2 Rf6 33. Rh1 Rd3
34. Re3 Rxe3 35. fxe3 Qf3+ 36. Kh2 Qe2+ 37. Kg3 Qf2+ 38. Kg4 Qf3+ 0-1

[Event "Europa ch Femenino 2013"]
[Site "Belgrado SER"]
[Date "2013.07.29"]
[Round "7.66"]
[White "Kaplan, Ebru"]
[Black "Todorovic, Violeta"]
[Result "0-1"]
[WhiteElo "1885"]
[BlackElo "2117"]
[PlyCount "110"]
[EventDate "2013.07.23"]
[EventType "swiss"]
[EventRounds "11"]
[EventCountry "SER"]
[Source "lmi"]
[SourceDate "2013.07.22"]

1. e4 c5 2. Nf3 e6 3. d4 cxd4 4. Nxd4 Nc6 5. Nc3 d6 6. Be3 Nf6 7. f4 e5 8. Nxc6
bxc6 9. fxe5 Ng4 10. Qd2 Nxe3 11. Qxe3 dxe5 12. Bc4 Be7 13. O-O O-O 14. Kh1 Qb6
15. Qg3 Qd4 16. b3 Bb4 17. Na4 Qxe4 18. c3 Bd6 19. Rad1 Bc7 20. Nc5 Qg4 21. Qe1
Bf5 22. h3 Qh5 23. Qf2 Bg6 24. Be2 Qg5 25. h4 Qf4 26. Qe1 Qe3 27. Nd7 Rfd8 28.
Bf3 Qxe1 29. Rfxe1 e4 30. Bxe4 Bg3 31. Re3 Bf2 32. Re2 Bh5 33. Rxf2 Bxd1 34.
Bxc6 Rac8 35. Rd2 Bg4 36. Ba4 Bxd7 37. Rxd7 Rxd7 38. Bxd7 Rxc3 39. Bb5 Rc1+ 40.
Kh2 Rc2 41. a3 Ra2 42. a4 Rb2 43. Bc4 a5 44. Kg3 Kf8 45. Kf3 Ke7 46. g4 f6 47.
Kf4 Kd6 48. h5 g6 49. Bf7 g5+ 50. Kf3 Ke5 51. Kg3 h6 52. Bc4 Rc2 53. Bf7 Rc3+
54. Kf2 Kf4 55. Be6 Re3 0-1

[Event "Europa ch Femenino 2013"]
[Site "Belgrado SER"]
[Date "2013.07.29"]
[Round "7.67"]
[White "Petrukhina, Irina"]
[Black "Kezele, Tamara"]
[Result "1-0"]
[WhiteElo "2190"]
[BlackElo "1994"]
[PlyCount "175"]
[EventDate "2013.07.23"]
[EventType "swiss"]
[EventRounds "11"]
[EventCountry "SER"]
[Source "lmi"]
[SourceDate "2013.07.22"]

1. d4 Nf6 2. c4 e6 3. g3 d5 4. Nf3 dxc4 5. Bg2 c6 6. Ne5 Nbd7 7. Nxc4 Be7 8.
O-O O-O 9. Nc3 Nb6 10. Ne5 Nfd5 11. Qb3 Bf6 12. Ne4 Bxe5 13. dxe5 Nd7 14. f4 f5
15. exf6 N7xf6 16. Nxf6+ Rxf6 17. Qd3 Qb6+ 18. Kh1 Nb4 19. Qc3 Nd5 20. Qf3 e5
21. e4 Nb4 22. Be3 Qc7 23. Bd2 a5 24. a3 Na6 25. Bc3 Rf7 26. Bxe5 Qxe5 27. fxe5
Rxf3 28. Rxf3 Be6 29. Rd3 Nc5 30. Rd6 Kf7 31. Rad1 Ke7 32. Kg1 Bg4 33. R1d2 Nd7
34. R6d3 Nxe5 35. Rc3 b6 36. Kf2 Be6 37. Rdc2 c5 38. h3 Rd8 39. Ke2 h6 40. Rc1
Rf8 41. Ke3 Rd8 42. Bf1 Rd4 43. g4 Rd8 44. Be2 Kf6 45. R3c2 Ke7 46. Rd2 Rf8 47.
Rf1 Rc8 48. Rfd1 Bb3 49. Rf1 Be6 50. Ba6 Rb8 51. Bb5 Ra8 52. Rdd1 Rc8 53. Rf2
Ra8 54. Kd2 Rd8+ 55. Kc1 Rb8 56. Kc2 Nf7 57. Bc6 Ne5 58. Bd5 Bd7 59. Kc3 b5 60.
b3 b4+ 61. Kb2 Rb6 62. Rdf1 g6 63. Rd2 Bb5 64. Rc1 Nd7 65. Bc4 Bxc4 66. Rxc4
Rd6 67. Rxd6 Kxd6 68. Rc1 Ke5 69. Rd1 Nf6 70. Rd8 h5 71. gxh5 gxh5 72. Ra8
bxa3+ 73. Kxa3 Nxe4 74. Rxa5 Kf4 75. Ra4 Kf3 76. Rc4 Kf4 77. Ka4 Ke5 78. Ka5
Kd5 79. Kb6 h4 80. Ka5 Ke5 81. Ka6 Nd2 82. Rxc5+ Kd6 83. Rc3 Ne4 84. Re3 Kd5
85. b4 Kd4 86. Rxe4+ Kxe4 87. b5 Kf3 88. b6 1-0

[Event "Europa ch Femenino 2013"]
[Site "Belgrado SER"]
[Date "2013.07.29"]
[Round "7.68"]
[White "Cemhan, Kardelen"]
[Black "Novkovic, Julia"]
[Result "0-1"]
[WhiteElo "2052"]
[BlackElo "2102"]
[PlyCount "80"]
[EventDate "2013.07.23"]
[EventType "swiss"]
[EventRounds "11"]
[EventCountry "SER"]
[Source "lmi"]
[SourceDate "2013.07.22"]

1. e4 e5 2. Nf3 Nc6 3. d4 exd4 4. Nxd4 Nf6 5. Nxc6 bxc6 6. e5 Qe7 7. Qe2 Nd5 8.
c4 Ba6 9. b3 g6 10. Bb2 Bg7 11. Nd2 Nb4 12. Nf3 c5 13. g3 O-O 14. Bg2 Rae8 15.
O-O f6 16. Rfe1 Nc6 17. e6 d6 18. Nd2 Nd8 19. Nb1 Kh8 20. Nc3 Qxe6 21. Qxe6
Rxe6 22. Rxe6 Nxe6 23. Re1 Bc8 24. Nd5 f5 25. Bxg7+ Kxg7 26. a3 Re8 27. b4 c6
28. Nf4 Bd7 29. Bxc6 Bxc6 30. Rxe6 Rxe6 31. Nxe6+ Kf6 32. Nf4 Ke5 33. b5 Be4
34. Ne2 Bd3 35. Nc3 Bxc4 36. a4 d5 37. a5 Kd6 38. b6 axb6 39. axb6 Kc6 40. Na4
Ba6 0-1

[Event "Europa ch Femenino 2013"]
[Site "Belgrado SER"]
[Date "2013.07.29"]
[Round "7.69"]
[White "Jacimovic, Sara"]
[Black "Bogumil, Tatiana"]
[Result "1-0"]
[WhiteElo "1971"]
[BlackElo "2084"]
[PlyCount "41"]
[EventDate "2013.07.23"]
[EventType "swiss"]
[EventRounds "11"]
[EventCountry "SER"]
[Source "lmi"]
[SourceDate "2013.07.22"]

1. e4 e6 2. d4 d5 3. e5 c5 4. c3 Qb6 5. Nf3 Bd7 6. Be2 Bb5 7. O-O Nc6 8. Bxb5
Qxb5 9. Na3 Qa6 10. dxc5 Bxc5 11. b4 Be7 12. b5 Qa5 13. bxc6 Bxa3 14. Qb3 Bxc1
15. Qxb7 Qd8 16. c7 Qc8 17. Qc6+ Kf8 18. Rb1 Nh6 19. Qd6+ Ke8 20. Rb8 Ba3 21.
Qd8+ 1-0

[Event "Europa ch Femenino 2013"]
[Site "Belgrado SER"]
[Date "2013.07.29"]
[Round "7.70"]
[White "Panic, Anastasija"]
[Black "Miladinovic, Lena"]
[Result "1-0"]
[WhiteElo "1948"]
[BlackElo "2083"]
[PlyCount "83"]
[EventDate "2013.07.23"]
[EventType "swiss"]
[EventRounds "11"]
[EventCountry "SER"]
[Source "lmi"]
[SourceDate "2013.07.22"]

1. d4 Nf6 2. c4 e6 3. Nf3 Bb4+ 4. Bd2 Qe7 5. g3 Bxd2+ 6. Qxd2 Nc6 7. Nc3 d5 8.
Ne5 dxc4 9. Nxc6 bxc6 10. Bg2 O-O 11. Bxc6 Rb8 12. O-O Rd8 13. Rfd1 e5 14. d5
Bf5 15. Qg5 Bg6 16. Qe3 Rxb2 17. Qxa7 h6 18. Nb5 Ne4 19. Re1 Qf6 20. a4 Ng5 21.
Ra3 Be4 22. Nc3 Bg6 23. a5 h5 24. h4 Nh3+ 25. Kg2 Nf4+ 26. gxf4 Qxh4 27. Qe3
exf4 28. Qh3 Qe7 29. Raa1 Rd6 30. Kh2 Qe5 31. Qf3 Rb3 32. Rec1 Bf5 33. a6 Bg4
34. Qe4 Qg5 35. a7 Qh4+ 36. Kg1 Bc8 37. a8=Q Rg6+ 38. Qxg6 fxg6 39. Qxc8+ Kh7
40. Ra8 Kh6 41. Qh8+ Kg5 42. Qd8+ 1-0

[Event "Europa ch Femenino 2013"]
[Site "Belgrado SER"]
[Date "2013.07.29"]
[Round "7.71"]
[White "Nonkovic, Bogdana"]
[Black "Gjergji, Rozana"]
[Result "1-0"]
[WhiteElo "2081"]
[BlackElo "1917"]
[PlyCount "99"]
[EventDate "2013.07.23"]
[EventType "swiss"]
[EventRounds "11"]
[EventCountry "SER"]
[Source "lmi"]
[SourceDate "2013.07.22"]

1. Nf3 d5 2. d4 Nf6 3. c4 c6 4. Qc2 e6 5. g3 Nbd7 6. Bg2 Be7 7. O-O O-O 8. Rd1
Ne4 9. b3 f5 10. Ba3 f4 11. Bxe7 Qxe7 12. Nbd2 fxg3 13. hxg3 Ndf6 14. Ne5 Nxd2
15. Rxd2 Nd7 16. Nxd7 Bxd7 17. e4 Qg5 18. Re2 dxc4 19. Qxc4 Kh8 20. e5 Rf7 21.
Be4 Raf8 22. Kg2 Qg4 23. Qd3 h6 24. Rh1 Be8 25. Qe3 Rf4 26. Rh4 Rxe4 27. Qxe4
Qxe4+ 28. Rhxe4 Bh5 29. R2e3 g5 30. Rc3 Rd8 31. Rc4 Bg6 32. Re3 Bf5 33. a4 Bg6
34. a5 g4 35. a6 bxa6 36. Kf1 c5 37. dxc5 Bd3+ 38. Rxd3 Rxd3 39. c6 Rd8 40. Ra4
Rc8 41. Rxa6 Rc7 42. b4 Kg7 43. b5 Kg6 44. Rxa7 Rxa7 45. b6 Ra1+ 46. Kg2 Kf5
47. b7 Rb1 48. c7 Rxb7 49. c8=Q Rb5 50. Qc4 1-0

[Event "Europa ch Femenino 2013"]
[Site "Belgrado SER"]
[Date "2013.07.29"]
[Round "7.72"]
[White "Gurcan, Aytolun"]
[Black "Imeeva, Aisa"]
[Result "0-1"]
[WhiteElo "1705"]
[BlackElo "2079"]
[PlyCount "64"]
[EventDate "2013.07.23"]
[EventType "swiss"]
[EventRounds "11"]
[EventCountry "SER"]
[Source "lmi"]
[SourceDate "2013.07.22"]

1. e4 e5 2. Nc3 Nc6 3. g3 Nf6 4. Bg2 Bc5 5. Nge2 d6 6. Na4 Bb4 7. a3 Ba5 8. b4
Bb6 9. Nxb6 axb6 10. O-O Nxb4 11. Bb2 Nc6 12. h3 O-O 13. f4 Re8 14. d3 d5 15.
Qc1 dxe4 16. dxe4 Ra4 17. fxe5 Nxe5 18. Qg5 Qe7 19. Kh1 Nxe4 20. Qf4 Ng6 21.
Qc1 Bd7 22. c4 Bc6 23. Qc2 Qc5 24. Rac1 Nd6 25. Nd4 Rxc4 26. Qf2 Ne5 27. Rxc4
Nexc4 28. Rc1 Bxg2+ 29. Qxg2 Qg5 30. Nf3 Qh6 31. Rc3 Nxb2 32. Qxb2 Qxh3+ 0-1

[Event "Europa ch Femenino 2013"]
[Site "Belgrado SER"]
[Date "2013.07.29"]
[Round "7.73"]
[White "Zarkovic, Mila"]
[Black "Olea, Liliana"]
[Result "1-0"]
[WhiteElo "2070"]
[BlackElo "1905"]
[PlyCount "77"]
[EventDate "2013.07.23"]
[EventType "swiss"]
[EventRounds "11"]
[EventCountry "SER"]
[Source "lmi"]
[SourceDate "2013.07.22"]

1. e4 e5 2. Nf3 Nc6 3. Bb5 g6 4. O-O Bg7 5. Re1 Nge7 6. c3 d5 7. d4 O-O 8. Nxe5
Nxe5 9. dxe5 Bxe5 10. exd5 Qd6 11. Bh6 Bxh2+ 12. Kh1 Rd8 13. Qe2 Bd7 14. Bg5
Bxb5 15. Qxb5 f6 16. Re6 Qxd5 17. Qxd5 Nxd5 18. Bxf6 Nxf6 19. Kxh2 Kf7 20. Re1
a6 21. a4 Rd3 22. f3 Nd5 23. Na3 Ne3 24. Re2 h5 25. Rae1 Nf5 26. Nc4 Rd5 27. a5
Rad8 28. Kg1 Rd1 29. Rxd1 Rxd1+ 30. Kf2 Rd5 31. g4 Ne7 32. Ke3 Nc6 33. b4 Ne5
34. Ke4 Ke6 35. Kf4 hxg4 36. fxg4 b5 37. Rxe5+ Rxe5 38. Nxe5 g5+ 39. Ke4 1-0

[Event "Europa ch Femenino 2013"]
[Site "Belgrado SER"]
[Date "2013.07.29"]
[Round "7.74"]
[White "Nestorovic, Katarina"]
[Black "Blagojevic, Tijana"]
[Result "0-1"]
[WhiteElo "1484"]
[BlackElo "2058"]
[PlyCount "92"]
[EventDate "2013.07.23"]
[EventType "swiss"]
[EventRounds "11"]
[EventCountry "SER"]
[Source "lmi"]
[SourceDate "2013.07.22"]

1. e4 e5 2. Nf3 Nc6 3. Bb5 a6 4. Bxc6 dxc6 5. d4 exd4 6. Qxd4 Qxd4 7. Nxd4 Bd7
8. Nc3 O-O-O 9. Be3 Re8 10. O-O-O Bb4 11. Nde2 Ne7 12. a3 Bd6 13. Rd3 Ng6 14.
f4 f6 15. h3 c5 16. Rf1 Bc6 17. Ng3 h5 18. Nf5 Bf8 19. Rfd1 b6 20. Re1 Rxe4 21.
Nxe4 Bxe4 22. Ng3 Bxd3 23. cxd3 h4 24. Ne4 Bd6 25. Rf1 Rh5 26. f5 Ne7 27. Kd2
Rxf5 28. Re1 Kd7 29. Kc2 Nd5 30. Bd2 Bf4 31. Rf1 Bxd2 32. Rxf5 Ne3+ 33. Kxd2
Nxf5 34. Ke2 Ke6 35. Kf3 Nd4+ 36. Ke3 Ke5 37. Nf2 f5 38. Nd1 g5 39. Nf2 Ne6 40.
Kf3 Nf4 41. g3 Nxh3 42. Nxh3 g4+ 43. Kg2 gxh3+ 44. Kxh3 hxg3 45. Kxg3 Kd4 46.
Kf4 Kxd3 0-1

[Event "Europa ch Femenino 2013"]
[Site "Belgrado SER"]
[Date "2013.07.29"]
[Round "7.75"]
[White "Milanovic, Maja"]
[Black "Khalafova, Narmin"]
[Result "0-1"]
[WhiteElo "1969"]
[BlackElo "2107"]
[PlyCount "128"]
[EventDate "2013.07.23"]
[EventType "swiss"]
[EventRounds "11"]
[EventCountry "SER"]
[Source "lmi"]
[SourceDate "2013.07.22"]

1. e4 c5 2. Nf3 d6 3. d4 Nf6 4. Nc3 cxd4 5. Nxd4 a6 6. f4 e5 7. Nf3 Nbd7 8. Bd3
Be7 9. fxe5 dxe5 10. O-O O-O 11. Kh1 b5 12. a3 Qc7 13. Nh4 Nc5 14. Nf5 Bxf5 15.
Rxf5 Rad8 16. Qf3 Rxd3 17. cxd3 Nb3 18. Rb1 Nd4 19. Qg3 Nxf5 20. exf5 Kh8 21.
Bg5 Nh5 22. Qh4 Bxg5 23. Qxg5 Nf6 24. Rf1 h6 25. Qh4 Rd8 26. Qh3 Qd6 27. Rd1 e4
28. d4 Qf4 29. g3 Qf3+ 30. Qg2 Qxf5 31. Rf1 Qe6 32. Ne2 Qb3 33. Rxf6 gxf6 34.
Qxe4 Qd5 35. Qxd5 Rxd5 36. Kg2 b4 37. a4 Rd8 38. Kf3 Rc8 39. b3 Kg7 40. d5 f5
41. Nd4 Rc3+ 42. Kf4 Kf6 43. d6 Rc5 44. Ke3 Re5+ 45. Kf3 Rd5 46. Nc6 a5 47. d7
Rxd7 48. Nxa5 Rd5 49. Nc6 Rd3+ 50. Ke2 Rxb3 51. a5 Rb1 52. Kd2 b3 53. Nb4 Ra1
54. Kc3 Rxa5 55. Kxb3 Rb5 56. Kc4 Rxb4+ 57. Kxb4 Kg5 58. Kc4 Kg4 59. Kd4 Kh3
60. Ke3 Kxh2 61. Kf2 h5 62. Kf3 Kg1 63. Ke3 Kg2 64. Kf4 Kf2 0-1

[Event "Europa ch Femenino 2013"]
[Site "Belgrado SER"]
[Date "2013.07.29"]
[Round "7.76"]
[White "Mahmutbegovic, Nadina"]
[Black "Dizdarevic, Barbara"]
[Result "0-1"]
[WhiteElo "1800"]
[BlackElo "1981"]
[PlyCount "56"]
[EventDate "2013.07.23"]
[EventType "swiss"]
[EventRounds "11"]
[EventCountry "SER"]
[Source "lmi"]
[SourceDate "2013.07.22"]

1. e4 c5 2. Nc3 Nc6 3. g3 g6 4. Bg2 Bg7 5. d3 d6 6. Be3 e5 7. Nge2 Nge7 8. Qd2
Nd4 9. O-O O-O 10. Nd1 Bh3 11. Nxd4 Bxg2 12. Nc6 bxc6 13. Kxg2 Rb8 14. Rb1 Qd7
15. Nc3 Qe6 16. b3 f5 17. f4 fxe4 18. Nxe4 Nf5 19. fxe5 Nxe3+ 20. Qxe3 Qxe5 21.
Qg5 Rf5 22. Qd2 Rbf8 23. Rxf5 gxf5 24. Nf2 f4 25. Re1 Qd5+ 26. Kg1 fxg3 27.
hxg3 Bd4 28. Re2 Qf3 0-1